К вопросу о национальной конкурентоспособности; Экономика России в XXI веке

Λεπτομέρειες βιβλιογραφικής εγγραφής
Parent link:Экономика России в XXI веке.— 2011.— С. 334-337
Κύριος συγγραφέας: Володина А. В.
Γλώσσα:Ρωσικά
Έκδοση: 2011
Σειρά:Проблемы теории и методологии экономической науки
Θέματα:
Μορφή: MixedMaterials Κεφάλαιο βιβλίου
KOHA link:https://koha.lib.tpu.ru/cgi-bin/koha/opac-detail.pl?biblionumber=238556

MARC

LEADER 00000naa2a2200000 4500
001 238556
005 20231031205156.0
035 |a (RuTPU)RU\TPU\book\259751 
035 |a RU\TPU\book\259636 
090 |a 238556 
100 |a 20130528d2011 k y0rusy50 ca 
101 0 |a rus 
102 |a RU 
200 1 |a К вопросу о национальной конкурентоспособности  |f А. В. Володина 
225 1 |a Проблемы теории и методологии экономической науки 
320 |a Библиогр.: с. 337 (5 назв.) 
463 0 |0 (RuTPU)RU\TPU\book\250468  |t Экономика России в XXI веке  |o сборник научных трудов VIII Всероссийской научно-практической конференции "Фундаментальные проблемы модернизации экономики России", г. Томск, 15-18 ноября 2011 г.  |f Национальный исследовательский Томский политехнический университет (ТПУ), Инженерно-экономический факультет ; под ред. Г. А. Барышевой, Л. М. Борисовой  |v С. 334-337  |d 2011  |p 420 с. 
610 1 |a труды учёных ТПУ 
610 1 |a национальная конкурентоспособность 
610 1 |a вопросы 
610 1 |a наука 
610 1 |a образование 
610 1 |a самообразование 
610 1 |a конкурентоспособность 
610 1 |a мышление 
700 1 |a Володина  |b А. В. 
801 1 |a RU  |b 63413507  |c 20121214 
801 2 |a RU  |b 63413507  |c 20130528  |g RCR 
942 |c BK